| 000 | 00916nas a2200289 4500 | ||
|---|---|---|---|
| 001 | BR2014003217 | ||
| 003 | BR-BrBNA | ||
| 005 | 20231205124035.0 | ||
| 007 | ta | ||
| 008 | 230509b bl.|||p| |||| 00| 00por d | ||
| 040 |
_aBR-BrBNA _bpor _cBiblioteca Nacional de Agricultura |
||
| 041 | _a(En) | ||
| 072 | _aF30 | ||
| 100 | 1 | _aFarias Neto, J.T. de | |
| 100 | 1 | _aMoura, E.F. | |
| 100 | 1 | _aResende, M.D.V. de | |
| 100 | 1 | _aCelestino Filho, P. | |
| 100 | 1 | _aAugusto, S.G. | |
| 245 | 1 | _aGenetic parameters and simultaneous selection for root yield, adaptability and stability of cassava genotypes | |
| 650 | _aMANDIOCA | ||
| 650 | _aPRODUTIVIDADE | ||
| 650 | _aGENÓTIPO | ||
| 650 | _aPARÂMETRO GENÉTICO | ||
| 773 | 0 |
_tPesquisa Agropecuária Brasileira (Brazil) _xISSN 0100-204X _g(Dec 2013), v. 48(12) p. 1562-1568 _wBR2014003217 |
|
| 909 |
_a202311 _bLúcia _c55 _dLúcia Elande |
||
| 942 |
_2AGRIS _n0 _cANA |
||
| 999 |
_c237010 _d237010 |
||